<?xml version="1.0" encoding="UTF-8"?>
<collection xmlns="http://www.loc.gov/MARC21/slim">
 <record>
  <leader>07784nas a22008771  4500</leader>
  <controlfield tag="001">1/50416</controlfield>
  <controlfield tag="008">050306c19939999nyuqr1p           a0eng d</controlfield>
  <datafield tag="022" ind1=" " ind2=" ">
   <subfield code="a">1057-7122</subfield>
  </datafield>
  <datafield tag="035" ind1=" " ind2=" ">
   <subfield code="l">27384</subfield>
  </datafield>
  <datafield tag="040" ind1=" " ind2=" ">
   <subfield code="a">DLC</subfield>
   <subfield code="b">GR-PeUP</subfield>
  </datafield>
  <datafield tag="090" ind1=" " ind2=" ">
   <subfield code="a">Αλφαβητική σειρά</subfield>
  </datafield>
  <datafield tag="245" ind1="0" ind2="0">
   <subfield code="a">IEEE transactions on circuits and systems</subfield>
  </datafield>
  <datafield tag="260" ind1=" " ind2=" ">
   <subfield code="a">New York :</subfield>
   <subfield code="b">Institute of Electrical and Electronics Engineers,</subfield>
   <subfield code="c">1992-</subfield>
  </datafield>
  <datafield tag="300" ind1=" " ind2=" ">
   <subfield code="a">v. :</subfield>
   <subfield code="b">ill. ;</subfield>
   <subfield code="c">28 cm.</subfield>
  </datafield>
  <datafield tag="310" ind1=" " ind2=" ">
   <subfield code="a">Monthly</subfield>
  </datafield>
  <datafield tag="362" ind1="0" ind2=" ">
   <subfield code="a">Vol.51, no.1(Jan. 2004) -</subfield>
  </datafield>
  <datafield tag="546" ind1=" " ind2=" ">
   <subfield code="a">English</subfield>
  </datafield>
  <datafield tag="535" ind1="0" ind2=" ">
   <subfield code="a">Κλειστό Βιβλιοστάσιο.</subfield>
  </datafield>
  <datafield tag="650" ind1=" " ind2="4">
   <subfield code="a">Electronic circuits</subfield>
   <subfield code="v">Periodicals.</subfield>
  </datafield>
  <datafield tag="650" ind1=" " ind2="4">
   <subfield code="a">Electric networks</subfield>
   <subfield code="v">Periodicals.</subfield>
  </datafield>
  <datafield tag="710" ind1="2" ind2=" ">
   <subfield code="a">IEEE Computer Society.</subfield>
  </datafield>
  <datafield tag="852" ind1=" " ind2=" ">
   <subfield code="a">INST</subfield>
   <subfield code="b">UNIPILB</subfield>
   <subfield code="c">SERIALS</subfield>
   <subfield code="e">20050406</subfield>
   <subfield code="h">Αλφαβητική σειρά</subfield>
   <subfield code="p">42173</subfield>
   <subfield code="q">42173</subfield>
   <subfield code="t">NOLOAN</subfield>
   <subfield code="v">vol.51;no.2:(Μήνας)February;(Έτος)2004</subfield>
   <subfield code="y">23</subfield>
  </datafield>
  <datafield tag="852" ind1=" " ind2=" ">
   <subfield code="a">INST</subfield>
   <subfield code="b">UNIPILB</subfield>
   <subfield code="c">SERIALS</subfield>
   <subfield code="e">20050406</subfield>
   <subfield code="h">Αλφαβητική σειρά</subfield>
   <subfield code="p">42174</subfield>
   <subfield code="q">42174</subfield>
   <subfield code="t">NOLOAN</subfield>
   <subfield code="v">vol.51;no.3:(Μήνας)March;(Έτος)2004</subfield>
   <subfield code="y">23</subfield>
  </datafield>
  <datafield tag="852" ind1=" " ind2=" ">
   <subfield code="a">INST</subfield>
   <subfield code="b">UNIPILB</subfield>
   <subfield code="c">SERIALS</subfield>
   <subfield code="e">20050406</subfield>
   <subfield code="h">Αλφαβητική σειρά</subfield>
   <subfield code="p">42175</subfield>
   <subfield code="q">42175</subfield>
   <subfield code="t">NOLOAN</subfield>
   <subfield code="v">vol.51;no.4:(Μήνας)April;(Έτος)2004</subfield>
   <subfield code="y">23</subfield>
  </datafield>
  <datafield tag="852" ind1=" " ind2=" ">
   <subfield code="a">INST</subfield>
   <subfield code="b">UNIPILB</subfield>
   <subfield code="c">SERIALS</subfield>
   <subfield code="e">20051017</subfield>
   <subfield code="h">Αλφαβητική σειρά</subfield>
   <subfield code="p">47571</subfield>
   <subfield code="q">47571</subfield>
   <subfield code="t">NOLOAN</subfield>
   <subfield code="v">vol.51;no.1:(Μήνας)January;(Έτος)2004</subfield>
   <subfield code="y">23</subfield>
  </datafield>
  <datafield tag="852" ind1=" " ind2=" ">
   <subfield code="a">INST</subfield>
   <subfield code="b">UNIPILB</subfield>
   <subfield code="c">SERIALS</subfield>
   <subfield code="e">20051017</subfield>
   <subfield code="h">Αλφαβητική σειρά</subfield>
   <subfield code="p">47572</subfield>
   <subfield code="q">47572</subfield>
   <subfield code="t">NOLOAN</subfield>
   <subfield code="v">vol.51;no.5:(Μήνας)May;(Έτος)2004</subfield>
   <subfield code="y">23</subfield>
  </datafield>
  <datafield tag="852" ind1=" " ind2=" ">
   <subfield code="a">INST</subfield>
   <subfield code="b">UNIPILB</subfield>
   <subfield code="c">SERIALS</subfield>
   <subfield code="e">20051017</subfield>
   <subfield code="h">Αλφαβητική σειρά</subfield>
   <subfield code="p">47573</subfield>
   <subfield code="q">47573</subfield>
   <subfield code="t">NOLOAN</subfield>
   <subfield code="v">vol.51;no.6:(Μήνας)June;(Έτος)2004</subfield>
   <subfield code="y">23</subfield>
  </datafield>
  <datafield tag="852" ind1=" " ind2=" ">
   <subfield code="a">INST</subfield>
   <subfield code="b">UNIPILB</subfield>
   <subfield code="c">SERIALS</subfield>
   <subfield code="e">20051017</subfield>
   <subfield code="h">Αλφαβητική σειρά</subfield>
   <subfield code="p">47574</subfield>
   <subfield code="q">47574</subfield>
   <subfield code="t">NOLOAN</subfield>
   <subfield code="v">vol.51;no.7:(Μήνας)July;(Έτος)2004</subfield>
   <subfield code="y">23</subfield>
  </datafield>
  <datafield tag="852" ind1=" " ind2=" ">
   <subfield code="a">INST</subfield>
   <subfield code="b">UNIPILB</subfield>
   <subfield code="c">SERIALS</subfield>
   <subfield code="e">20051017</subfield>
   <subfield code="h">Αλφαβητική σειρά</subfield>
   <subfield code="p">47575</subfield>
   <subfield code="q">47575</subfield>
   <subfield code="t">NOLOAN</subfield>
   <subfield code="v">vol.51;no.8:(Μήνας)August;(Έτος)2004</subfield>
   <subfield code="y">23</subfield>
  </datafield>
  <datafield tag="852" ind1=" " ind2=" ">
   <subfield code="a">INST</subfield>
   <subfield code="b">UNIPILB</subfield>
   <subfield code="c">SERIALS</subfield>
   <subfield code="e">20051017</subfield>
   <subfield code="h">Αλφαβητική σειρά</subfield>
   <subfield code="p">47576</subfield>
   <subfield code="q">47576</subfield>
   <subfield code="t">NOLOAN</subfield>
   <subfield code="v">vol.51;no.9:(Μήνας)September;(Έτος)2004</subfield>
   <subfield code="y">23</subfield>
  </datafield>
  <datafield tag="852" ind1=" " ind2=" ">
   <subfield code="a">INST</subfield>
   <subfield code="b">UNIPILB</subfield>
   <subfield code="c">SERIALS</subfield>
   <subfield code="e">20051017</subfield>
   <subfield code="h">Αλφαβητική σειρά</subfield>
   <subfield code="p">47577</subfield>
   <subfield code="q">47577</subfield>
   <subfield code="t">NOLOAN</subfield>
   <subfield code="v">vol.51;no.10:(Μήνας)October;(Έτος)2004</subfield>
   <subfield code="y">23</subfield>
  </datafield>
  <datafield tag="852" ind1=" " ind2=" ">
   <subfield code="a">INST</subfield>
   <subfield code="b">UNIPILB</subfield>
   <subfield code="c">SERIALS</subfield>
   <subfield code="e">20051017</subfield>
   <subfield code="h">Αλφαβητική σειρά</subfield>
   <subfield code="p">47578</subfield>
   <subfield code="q">47578</subfield>
   <subfield code="t">NOLOAN</subfield>
   <subfield code="v">vol.51;no.11:(Μήνας)November;(Έτος)2004</subfield>
   <subfield code="y">23</subfield>
  </datafield>
  <datafield tag="852" ind1=" " ind2=" ">
   <subfield code="a">INST</subfield>
   <subfield code="b">UNIPILB</subfield>
   <subfield code="c">SERIALS</subfield>
   <subfield code="e">20051017</subfield>
   <subfield code="h">Αλφαβητική σειρά</subfield>
   <subfield code="p">47579</subfield>
   <subfield code="q">47579</subfield>
   <subfield code="t">NOLOAN</subfield>
   <subfield code="v">vol.51;no.12:(Μήνας)December;(Έτος)2004</subfield>
   <subfield code="y">23</subfield>
  </datafield>
  <datafield tag="852" ind1=" " ind2=" ">
   <subfield code="a">INST</subfield>
   <subfield code="b">UNIPILB</subfield>
   <subfield code="c">SERIALS</subfield>
   <subfield code="e">20051129</subfield>
   <subfield code="h">Αλφαβητική σειρά</subfield>
   <subfield code="p">48812</subfield>
   <subfield code="q">48812</subfield>
   <subfield code="t">NOLOAN</subfield>
   <subfield code="v">vol.52;no.1:(Μήνας)January;(Έτος)2005</subfield>
   <subfield code="y">23</subfield>
  </datafield>
  <datafield tag="852" ind1=" " ind2=" ">
   <subfield code="a">INST</subfield>
   <subfield code="b">UNIPILB</subfield>
   <subfield code="c">SERIALS</subfield>
   <subfield code="e">20051129</subfield>
   <subfield code="h">Αλφαβητική σειρά</subfield>
   <subfield code="p">48813</subfield>
   <subfield code="q">48813</subfield>
   <subfield code="t">NOLOAN</subfield>
   <subfield code="v">vol.52;no.2:(Μήνας)February;(Έτος)2005</subfield>
   <subfield code="y">23</subfield>
  </datafield>
  <datafield tag="852" ind1=" " ind2=" ">
   <subfield code="a">INST</subfield>
   <subfield code="b">UNIPILB</subfield>
   <subfield code="c">SERIALS</subfield>
   <subfield code="e">20051129</subfield>
   <subfield code="h">Αλφαβητική σειρά</subfield>
   <subfield code="p">48814</subfield>
   <subfield code="q">48814</subfield>
   <subfield code="t">NOLOAN</subfield>
   <subfield code="v">vol.52;no.3:(Μήνας)March;(Έτος)2005</subfield>
   <subfield code="y">23</subfield>
  </datafield>
  <datafield tag="852" ind1=" " ind2=" ">
   <subfield code="a">INST</subfield>
   <subfield code="b">UNIPILB</subfield>
   <subfield code="c">SERIALS</subfield>
   <subfield code="e">20051129</subfield>
   <subfield code="h">Αλφαβητική σειρά</subfield>
   <subfield code="p">48815</subfield>
   <subfield code="q">48815</subfield>
   <subfield code="t">NOLOAN</subfield>
   <subfield code="v">vol.52;no.4:(Μήνας)April;(Έτος)2005</subfield>
   <subfield code="y">23</subfield>
  </datafield>
  <datafield tag="852" ind1=" " ind2=" ">
   <subfield code="a">INST</subfield>
   <subfield code="b">UNIPILB</subfield>
   <subfield code="c">SERIALS</subfield>
   <subfield code="e">20051129</subfield>
   <subfield code="h">Αλφαβητική σειρά</subfield>
   <subfield code="p">48816</subfield>
   <subfield code="q">48816</subfield>
   <subfield code="t">NOLOAN</subfield>
   <subfield code="v">vol.52;no.5:(Μήνας)May;(Έτος)2005</subfield>
   <subfield code="y">23</subfield>
  </datafield>
  <datafield tag="852" ind1=" " ind2=" ">
   <subfield code="a">INST</subfield>
   <subfield code="b">UNIPILB</subfield>
   <subfield code="c">SERIALS</subfield>
   <subfield code="e">20051129</subfield>
   <subfield code="h">Αλφαβητική σειρά</subfield>
   <subfield code="p">48817</subfield>
   <subfield code="q">48817</subfield>
   <subfield code="t">NOLOAN</subfield>
   <subfield code="v">vol.52;no.6:(Μήνας)June;(Έτος)2005</subfield>
   <subfield code="y">23</subfield>
  </datafield>
  <datafield tag="852" ind1=" " ind2=" ">
   <subfield code="a">INST</subfield>
   <subfield code="b">UNIPILB</subfield>
   <subfield code="c">SERIALS</subfield>
   <subfield code="e">20051129</subfield>
   <subfield code="h">Αλφαβητική σειρά</subfield>
   <subfield code="p">48818</subfield>
   <subfield code="q">48818</subfield>
   <subfield code="t">NOLOAN</subfield>
   <subfield code="v">vol.52;no.7:(Μήνας)July;(Έτος)2005</subfield>
   <subfield code="y">23</subfield>
  </datafield>
  <datafield tag="852" ind1=" " ind2=" ">
   <subfield code="a">INST</subfield>
   <subfield code="b">UNIPILB</subfield>
   <subfield code="c">SERIALS</subfield>
   <subfield code="e">20051129</subfield>
   <subfield code="h">Αλφαβητική σειρά</subfield>
   <subfield code="p">48819</subfield>
   <subfield code="q">48819</subfield>
   <subfield code="t">NOLOAN</subfield>
   <subfield code="v">vol.52;no.8:(Μήνας)August;(Έτος)2005</subfield>
   <subfield code="y">23</subfield>
  </datafield>
  <datafield tag="852" ind1=" " ind2=" ">
   <subfield code="a">INST</subfield>
   <subfield code="b">UNIPILB</subfield>
   <subfield code="c">SERIALS</subfield>
   <subfield code="e">20051129</subfield>
   <subfield code="h">Αλφαβητική σειρά</subfield>
   <subfield code="p">48820</subfield>
   <subfield code="q">48820</subfield>
   <subfield code="t">NOLOAN</subfield>
   <subfield code="v">vol.52;no.9:(Μήνας)September;(Έτος)2005</subfield>
   <subfield code="y">23</subfield>
  </datafield>
  <datafield tag="852" ind1=" " ind2=" ">
   <subfield code="a">INST</subfield>
   <subfield code="b">UNIPILB</subfield>
   <subfield code="c">SERIALS</subfield>
   <subfield code="e">20051129</subfield>
   <subfield code="h">Αλφαβητική σειρά</subfield>
   <subfield code="p">48821</subfield>
   <subfield code="q">48821</subfield>
   <subfield code="t">NOLOAN</subfield>
   <subfield code="v">vol.52;no.10:(Μήνας)October;(Έτος)2005</subfield>
   <subfield code="y">23</subfield>
  </datafield>
  <datafield tag="852" ind1=" " ind2=" ">
   <subfield code="a">INST</subfield>
   <subfield code="b">UNIPILB</subfield>
   <subfield code="c">SERIALS</subfield>
   <subfield code="e">20060120</subfield>
   <subfield code="h">Αλφαβητική σειρά</subfield>
   <subfield code="p">49727</subfield>
   <subfield code="q">49727</subfield>
   <subfield code="t">NOLOAN</subfield>
   <subfield code="v">vol.52;no.12:(Μήνας)December;(Έτος)2005</subfield>
   <subfield code="y">23</subfield>
  </datafield>
  <datafield tag="852" ind1=" " ind2=" ">
   <subfield code="a">INST</subfield>
   <subfield code="b">UNIPILB</subfield>
   <subfield code="c">SERIALS</subfield>
   <subfield code="e">20060705</subfield>
   <subfield code="h">Αλφαβητική σειρά</subfield>
   <subfield code="p">51796</subfield>
   <subfield code="q">51796</subfield>
   <subfield code="t">NOLOAN</subfield>
   <subfield code="v">vol.52;no.11:(Μήνας)November;(Έτος)2005</subfield>
   <subfield code="y">23</subfield>
  </datafield>
  <datafield tag="852" ind1=" " ind2=" ">
   <subfield code="a">INST</subfield>
   <subfield code="b">UNIPILB</subfield>
   <subfield code="c">SERIALS</subfield>
   <subfield code="e">20071120</subfield>
   <subfield code="h">Αλφαβητική σειρά</subfield>
   <subfield code="p">58494</subfield>
   <subfield code="q">58494</subfield>
   <subfield code="t">NOLOAN</subfield>
   <subfield code="v">vol.54;no.10:(Μήνας)October;(Έτος)2007</subfield>
   <subfield code="y">23</subfield>
  </datafield>
  <datafield tag="852" ind1=" " ind2=" ">
   <subfield code="a">INST</subfield>
   <subfield code="b">UNIPILB</subfield>
   <subfield code="c">SERIALS</subfield>
   <subfield code="e">20071129</subfield>
   <subfield code="h">Αλφαβητική σειρά</subfield>
   <subfield code="p">58662</subfield>
   <subfield code="q">58662</subfield>
   <subfield code="t">NOLOAN</subfield>
   <subfield code="v">vol.54;no.1:(Μήνας)January;(Έτος)2007</subfield>
   <subfield code="y">23</subfield>
  </datafield>
  <datafield tag="852" ind1=" " ind2=" ">
   <subfield code="a">INST</subfield>
   <subfield code="b">UNIPILB</subfield>
   <subfield code="c">SERIALS</subfield>
   <subfield code="e">20071129</subfield>
   <subfield code="h">Αλφαβητική σειρά</subfield>
   <subfield code="p">58663</subfield>
   <subfield code="q">58663</subfield>
   <subfield code="t">NOLOAN</subfield>
   <subfield code="v">vol.54;no.2:(Μήνας)February;(Έτος)2007</subfield>
   <subfield code="y">23</subfield>
  </datafield>
  <datafield tag="852" ind1=" " ind2=" ">
   <subfield code="a">INST</subfield>
   <subfield code="b">UNIPILB</subfield>
   <subfield code="c">SERIALS</subfield>
   <subfield code="e">20071129</subfield>
   <subfield code="h">Αλφαβητική σειρά</subfield>
   <subfield code="p">58664</subfield>
   <subfield code="q">58664</subfield>
   <subfield code="t">NOLOAN</subfield>
   <subfield code="v">vol.54;no.3:(Μήνας)March;(Έτος)2007</subfield>
   <subfield code="y">23</subfield>
  </datafield>
  <datafield tag="852" ind1=" " ind2=" ">
   <subfield code="a">INST</subfield>
   <subfield code="b">UNIPILB</subfield>
   <subfield code="c">SERIALS</subfield>
   <subfield code="e">20071129</subfield>
   <subfield code="h">Αλφαβητική σειρά</subfield>
   <subfield code="p">58665</subfield>
   <subfield code="q">58665</subfield>
   <subfield code="t">NOLOAN</subfield>
   <subfield code="v">vol.54;no.4:(Μήνας)April;(Έτος)2007</subfield>
   <subfield code="y">23</subfield>
  </datafield>
  <datafield tag="852" ind1=" " ind2=" ">
   <subfield code="a">INST</subfield>
   <subfield code="b">UNIPILB</subfield>
   <subfield code="c">SERIALS</subfield>
   <subfield code="e">20071129</subfield>
   <subfield code="h">Αλφαβητική σειρά</subfield>
   <subfield code="p">58666</subfield>
   <subfield code="q">58666</subfield>
   <subfield code="t">NOLOAN</subfield>
   <subfield code="v">vol.54;no.5:(Μήνας)May;(Έτος)2007</subfield>
   <subfield code="y">23</subfield>
  </datafield>
  <datafield tag="852" ind1=" " ind2=" ">
   <subfield code="a">INST</subfield>
   <subfield code="b">UNIPILB</subfield>
   <subfield code="c">SERIALS</subfield>
   <subfield code="e">20071129</subfield>
   <subfield code="h">Αλφαβητική σειρά</subfield>
   <subfield code="p">58667</subfield>
   <subfield code="q">58667</subfield>
   <subfield code="t">NOLOAN</subfield>
   <subfield code="v">vol.54;no.6:(Μήνας)June;(Έτος)2007</subfield>
   <subfield code="y">23</subfield>
  </datafield>
  <datafield tag="852" ind1=" " ind2=" ">
   <subfield code="a">INST</subfield>
   <subfield code="b">UNIPILB</subfield>
   <subfield code="c">SERIALS</subfield>
   <subfield code="e">20071129</subfield>
   <subfield code="h">Αλφαβητική σειρά</subfield>
   <subfield code="p">58668</subfield>
   <subfield code="q">58668</subfield>
   <subfield code="t">NOLOAN</subfield>
   <subfield code="v">vol.54;no.7:(Μήνας)July;(Έτος)2007</subfield>
   <subfield code="y">23</subfield>
  </datafield>
  <datafield tag="852" ind1=" " ind2=" ">
   <subfield code="a">INST</subfield>
   <subfield code="b">UNIPILB</subfield>
   <subfield code="c">SERIALS</subfield>
   <subfield code="e">20071129</subfield>
   <subfield code="h">Αλφαβητική σειρά</subfield>
   <subfield code="p">58669</subfield>
   <subfield code="q">58669</subfield>
   <subfield code="t">NOLOAN</subfield>
   <subfield code="v">vol.54;no.8:(Μήνας)August;(Έτος)2007</subfield>
   <subfield code="y">23</subfield>
  </datafield>
  <datafield tag="852" ind1=" " ind2=" ">
   <subfield code="a">INST</subfield>
   <subfield code="b">UNIPILB</subfield>
   <subfield code="c">SERIALS</subfield>
   <subfield code="e">20071129</subfield>
   <subfield code="h">Αλφαβητική σειρά</subfield>
   <subfield code="p">58670</subfield>
   <subfield code="q">58670</subfield>
   <subfield code="t">NOLOAN</subfield>
   <subfield code="v">vol.54;no.9:(Μήνας)September;(Έτος)2007</subfield>
   <subfield code="y">23</subfield>
  </datafield>
  <datafield tag="852" ind1=" " ind2=" ">
   <subfield code="a">INST</subfield>
   <subfield code="b">UNIPILB</subfield>
   <subfield code="c">SERIALS</subfield>
   <subfield code="e">20080110</subfield>
   <subfield code="h">Αλφαβητική σειρά</subfield>
   <subfield code="p">59399</subfield>
   <subfield code="q">59399</subfield>
   <subfield code="t">NOLOAN</subfield>
   <subfield code="v">vol.54;no.11:(Μήνας)November;(Έτος)2007</subfield>
   <subfield code="y">23</subfield>
  </datafield>
  <datafield tag="852" ind1=" " ind2=" ">
   <subfield code="a">INST</subfield>
   <subfield code="b">UNIPILB</subfield>
   <subfield code="c">SERIALS</subfield>
   <subfield code="e">20080228</subfield>
   <subfield code="h">Αλφαβητική σειρά</subfield>
   <subfield code="p">59929</subfield>
   <subfield code="q">59929</subfield>
   <subfield code="t">NOLOAN</subfield>
   <subfield code="v">vol.54;no.12:(Μήνας)December;(Έτος)2007</subfield>
   <subfield code="y">23</subfield>
  </datafield>
  <datafield tag="856" ind1="4" ind2="1">
   <subfield code="u">http://ieeexplore.ieee.org/xpl/RecentIssue.jsp?punumber=81</subfield>
  </datafield>
  <datafield tag="856" ind1="4" ind2="1">
   <subfield code="u">http://ieeexplore.org/xpl/tocresult.jsp?isnumber=6125259</subfield>
  </datafield>
  <datafield tag="900" ind1=" " ind2=" ">
   <subfield code="a">Vol. 55 no. 1 (January 2008)</subfield>
   <subfield code="b">Οφειλόμενο</subfield>
   <subfield code="c">12/10/2008</subfield>
  </datafield>
  <datafield tag="900" ind1=" " ind2=" ">
   <subfield code="a">Vol. 53 no. 1 (January 2006)</subfield>
   <subfield code="b">Οφειλόμενο</subfield>
   <subfield code="c">08/01/2007</subfield>
  </datafield>
  <datafield tag="900" ind1=" " ind2=" ">
   <subfield code="a">Vol. 53 no. 2 (February 2006)</subfield>
   <subfield code="b">Οφειλόμενο</subfield>
   <subfield code="c">11/01/2007</subfield>
  </datafield>
  <datafield tag="900" ind1=" " ind2=" ">
   <subfield code="a">Vol. 53 no. 3 (March 2006)</subfield>
   <subfield code="b">Οφειλόμενο</subfield>
   <subfield code="c">21/11/2007</subfield>
  </datafield>
  <datafield tag="900" ind1=" " ind2=" ">
   <subfield code="a">Vol. 53 no. 4 (April 2006)</subfield>
   <subfield code="b">Οφειλόμενο</subfield>
   <subfield code="c">21/11/2007</subfield>
  </datafield>
  <datafield tag="900" ind1=" " ind2=" ">
   <subfield code="a">Vol. 53 no. 5 (May 2006)</subfield>
   <subfield code="b">Οφειλόμενο</subfield>
   <subfield code="c">21/11/2007</subfield>
  </datafield>
  <datafield tag="900" ind1=" " ind2=" ">
   <subfield code="a">Vol. 53 no. 6 (June 2006)</subfield>
   <subfield code="b">Οφειλόμενο</subfield>
   <subfield code="c">21/11/2007</subfield>
  </datafield>
  <datafield tag="900" ind1=" " ind2=" ">
   <subfield code="a">Vol. 53 no. 7 (July 2006)</subfield>
   <subfield code="b">Οφειλόμενο</subfield>
   <subfield code="c">21/11/2007</subfield>
  </datafield>
  <datafield tag="900" ind1=" " ind2=" ">
   <subfield code="a">Vol. 53 no. 8 (August 2006)</subfield>
   <subfield code="b">Οφειλόμενο</subfield>
   <subfield code="c">21/11/2007</subfield>
  </datafield>
  <datafield tag="900" ind1=" " ind2=" ">
   <subfield code="a">Vol. 53 no. 9 (September 2006)</subfield>
   <subfield code="b">Οφειλόμενο</subfield>
   <subfield code="c">21/11/2007</subfield>
  </datafield>
  <datafield tag="900" ind1=" " ind2=" ">
   <subfield code="a">Vol. 53 no. 10 (October 2006)</subfield>
   <subfield code="b">Οφειλόμενο</subfield>
   <subfield code="c">21/11/2007</subfield>
  </datafield>
  <datafield tag="900" ind1=" " ind2=" ">
   <subfield code="a">Vol. 53 no. 11 (November 2006)</subfield>
   <subfield code="b">Οφειλόμενο</subfield>
   <subfield code="c">21/11/2007</subfield>
  </datafield>
  <datafield tag="900" ind1=" " ind2=" ">
   <subfield code="a">Vol. 53 no. 12 (December 2006)</subfield>
   <subfield code="b">Οφειλόμενο</subfield>
   <subfield code="c">21/11/2007</subfield>
  </datafield>
  <datafield tag="950" ind1=" " ind2=" ">
   <subfield code="a">01/01/2004</subfield>
   <subfield code="c">SWETS INFORMATION SERVICES</subfield>
   <subfield code="d">349</subfield>
  </datafield>
  <datafield tag="951" ind1=" " ind2=" ">
   <subfield code="a">Vol. 54 no. 1 (January 2007) - Vol. 54 no. 12 (December 2007)</subfield>
   <subfield code="b">Main run</subfield>
  </datafield>
  <datafield tag="951" ind1=" " ind2=" ">
   <subfield code="a">Vol. 51 no. 1 (January 2004) - Vol. 51 no. 12 (December 2004)</subfield>
   <subfield code="b">Main run</subfield>
  </datafield>
  <datafield tag="951" ind1=" " ind2=" ">
   <subfield code="a">Vol. 52 no. 1 (January 2005) - Vol. 52 no. 12 (December 2005)</subfield>
   <subfield code="b">Main run</subfield>
  </datafield>
 </record>
</collection>
